| 000 | 00539nam a2200217Ia 4500 | ||
|---|---|---|---|
| 003 | OSt | ||
| 005 | 20220221150135.0 | ||
| 008 | 210210b1924 xxu||||| |||| 00| 0 eng d | ||
| 040 |
_aAL _c |
||
| 041 | _aeng | ||
| 082 | _a825/687 | ||
| 100 |
_aQUILLER (COUCH A) _921380 |
||
| 245 | _aAdventures in criticism | ||
| 260 |
_aCambridge _bAt the University Press _c1924 |
||
| 650 |
_ain _921381 |
||
| 650 |
_acriticism _921382 |
||
| 650 |
_aAdventures _921383 |
||
| 690 |
_aEnglish Criticism _921384 |
||
| 906 | _a015003 | ||
| 942 |
_2ddc _cBK |
||
| 999 |
_c134233 _d134233 |
||